Digital signal processing: theory & worked examples (Record no. 13113)

000 -LEADER
fixed length control field 00318nam a22001337a 4500
020 ## - INTERNATIONAL STANDARD BOOK NUMBER
International Standard Book Number 9789694073873
082 ## - DEWEY DECIMAL CLASSIFICATION NUMBER
Classification number 621.3822 HAS
100 ## - MAIN ENTRY--PERSONAL NAME
Personal name S K Hasnain
245 ## - TITLE STATEMENT
Title Digital signal processing: theory & worked examples
250 ## - EDITION STATEMENT
Edition statement 3rd
260 ## - PUBLICATION, DISTRIBUTION, ETC.
Place of publication, distribution, etc. Karachi
Name of publisher, distributor, etc. Royal Book Company
Date of publication, distribution, etc. 2001
300 ## - PHYSICAL DESCRIPTION
Extent 497
942 ## - ADDED ENTRY ELEMENTS (KOHA)
Koha item type Book
Holdings
Withdrawn status Lost status Damaged status Not for loan Collection code Permanent Location Current Location Shelving location Date acquired Source of acquisition Cost, normal purchase price Total Checkouts Total Renewals Full call number Barcode Date last seen Date last checked out Price effective from Koha item type
          Central Library (CL) Central Library (CL) General Stacks 02/17/2015 Golden Books 480.00 7 3 621.3822 HAS SEECS013267 01/07/2026 09/16/2025 02/15/2015 Book
© 2023 Central Library, National University of Sciences and Technology. All Rights Reserved.